| 000 | 00865nam a2200217Ii 4500 | ||
|---|---|---|---|
| 003 | JO-AjNU | ||
| 008 | 230605s9999||||xx |||||||||||||| ||und|| | ||
| 017 | _a3483 | ||
| 040 |
_aJO-AjNU _bara _erda _cJO-AjNU |
||
| 041 | _aara | ||
| 050 | 1 | 4 | _aLA99.S4.1982 |
| 100 | 3 |
_aشلبي، أحمد, _eauthor _936239 |
|
| 245 | 0 | 0 | _aموسوعة النظم والحضارة الإسلامية (1): تاريخ المناهج الإسلامية،مناهج التعليم في صدر الإسلام،إنحرافاتها في عصور الظلام،وجوب تصحيحها |
| 250 | _aط2 | ||
| 264 | 3 | 1 | _aالقاهرة:مكتبة النهضة،1982 |
| 300 | _a184ص | ||
| 336 |
_atext _btxt _2rdacontent |
||
| 337 |
_aunmediated _bn _2rdamedia |
||
| 338 |
_avolume _bnc _2rdacarrier |
||
| 650 | 4 |
_aالتاريخ الإسلامي-الحضارة الإسلامية _936240 |
|
| 999 |
_aA15038 _c18606 _d18606 |
||